Normal view
MARC view
- रावळ, सुवर्णा
Entry Personal Name
001 - CONTROL NUMBER
- control field: 216879
003 - CONTROL NUMBER IDENTIFIER
- control field: OSt
005 - DATE AND TIME OF LATEST TRANSACTION
- control field: 20260309155931.0
008 - FIXED-LENGTH DATA ELEMENTS
- fixed length control field: 260309|| aca||aabn | a|a d
040 ## - CATALOGING SOURCE
- Original cataloging agency: OSt
- Transcribing agency: OSt
100 ## - HEADING--PERSONAL NAME
- Personal name: रावळ, सुवर्णा
670 ## - SOURCE DATA FOUND
- Source citation: Work cat.: (OSt)370624: रावळ, सुवर्णा, मातोश्री रमाबाई